Carregando...
Graham Greene: his mind and art
| Autor principal: | |
|---|---|
| Formato: | Printed Book |
| Publicado em: |
New Delhi, Sterling Publishers
1987
|
| Assuntos: |
| LEADER | 005310000a22001810004500 | ||
|---|---|---|---|
| 020 | |a 81-207-0709-5 | ||
| 082 | |a 823 GRE 09 M7 | ||
| 100 | |a Lamba, B P | ||
| 245 | |a Graham Greene: his mind and art | ||
| 260 | |a New Delhi, Sterling Publishers | ||
| 260 | |c 1987 | ||
| 465 | |a R 80 | ||
| 650 | |a Criticism | ||
| 650 | |a English | ||
| 650 | |a Interpretation | ||
| 942 | |c BK | ||
| 999 | |c 10074 |d 10074 | ||
| 952 | |0 0 |1 0 |4 0 |6 823_000000000000000_GRE_09_M7 |7 0 |9 9869 |a MGUL |b MGUL |c GEN |d 2013-07-16 |e R 80 |l 0 |o 823 GRE 09 M7 |p 06726 |r 2013-07-16 |w 2013-07-16 |y BK | ||